Questions des 12 Coups de Midi ratées par Émilien - Statistiques

Statistiques générales
  • Ce quiz a été pris 17 750 fois
    17 748 depuis la dernière actualisation
  • Le résultat moyen est 8 sur 20
Statistiques - réponses
Question Réponse % Correct
Quel signe du Zodiaque est un animal aquatique à écailles ? Poissons
90%
Dans quel club Kylian Mbappé a-t-il fait ses débuts professionnels ? AS Monaco
66%
Dans quel pays se situe la municipalité d'Indian Wells ? États-Unis
57%
Quel fleuve d'Amérique du Nord était autrefois appelé Meschacebé ? Le Mississippi
53%
Quels symboles de Montmartre peuvent être "de la Galette" ou "Rouge" ? Les moulins
49%
Quel jeu vidéo a inspiré l'univers de la série animée "Arcane" ? League of Legends
47%
Dans le film de Miyazaki, en quoi les parents de Chihiro sont-ils transformés ? En porcs
42%
En Norvège, quelle ville est surnommée la ville du tigre ? Oslo
42%
Quelle célèbre plage brésilienne a emprunté son nom à une ville bolivienne située au bord du lac Titicaca ? Copacabana
41%
Quel immense lac sépare l'Ouganda de la Tanzanie ? Le lac Victoria
39%
Dans quelle partie du corps se trouve l'os sphénoïde ? Le crâne
37%
Quelle ville du sud de la Corse est célèbre pour ses falaises ? Bonifacio
32%
Dans la mythologie égyptienne, quel dieu jugeait l'âme des défunts ? Osiris
30%
Quelle ville abrite depuis 1932 le siège de la FIFA ? Zürich
29%
Dans quelle saga galactique croise-t-on le personnage de Paul Muad'Dib ? Dune
28%
Dans quel opéra peut-on entendre l'air de la "habanera" ? Carmen
19%
Quel acteur a vécu plus de 50 ans dans le domaine de Douchy ? Alain Delon
17%
Qui fut le premier chancelier allemand ? Otto von Bismarck
17%
Quel personnage de Shakespeare est poussé par sa femme à assassiner le roi Duncan ? Macbeth
11%
Quel tube d'Haddaway obsède Ida, l'héroïne de la série "Anthracite" ? What Is Love
11%
Aucun quiz correspondant
Distribution des résultats
% des personnes avec chaque résultat
Percentile par nombre de réponses
Votre historique - résultats
Vous n’avez pas pris ce quiz depuis la dernière actualisation